Welcome to the Holygrace Academy Library

Please use search bar below to get started

GRANDMA'S TALES (Record no. 2282)

MARC details
000 -LEADER
fixed length control field 00386nam a22001577a 4500
020 ## - INTERNATIONAL STANDARD BOOK NUMBER
ISBN 817920701-3
082 ## - DEWEY DECIMAL CLASSIFICATION NUMBER
Classification number 823
Item number SHA/G
100 ## - MAIN ENTRY--AUTHOR NAME
Personal name SHANTI
245 ## - TITLE STATEMENT
Title GRANDMA'S TALES
Remainder of title CHILDRENS STORY
246 ## - VARYING FORM OF TITLE
Title proper/short title GRANDMA'S TALES
Remainder of title CHILDRENS STORY
260 ## - PUBLICATION, DISTRIBUTION, ETC. (IMPRINT)
Place of publication DELHI
Name of publisher SHANTI PUBLICATIONS
300 ## - PHYSICAL DESCRIPTION
Number of Pages 24
520 ## - SUMMARY, ETC.
Summary, etc CHILDRENS SHORT STORY
650 ## - SUBJECT ADDED ENTRY--TOPICAL TERM
Topical Term CHILDRENS SHORT STORY
942 ## - ADDED ENTRY ELEMENTS (KOHA)
Koha item type Books
Holdings
Withdrawn status Lost status Collection code Home library Current library Shelving location Date acquired Source of acquisition Cost, normal purchase price Full call number Accession Number Koha item type
    Fiction Main Library Main Library SHELF 4-D MYTHOLOGY 19/09/2023 Purchase 30.00 823 SHA/G 12254 Books
    Fiction Main Library Main Library SHELF 3- E- ENGLISH CHILDRENS LITERATURE &MYTHOLOGY 04/05/2009 PURCHASE 20.00 823 SHA/G 04006 Books